Welcome to CU Library Online Public Access Catalogue (OPAC)

Fundamentals of integrated design for sustainable building / (Record no. 264)

MARC details
000 -LEADER
fixed length control field 00932cam a2200265 i 4500
001 - CONTROL NUMBER
control field 18914645
005 - DATE AND TIME OF LATEST TRANSACTION
control field 20241028094210.0
008 - FIXED-LENGTH DATA ELEMENTS--GENERAL INFORMATION
fixed length control field 151222s2016 nju 001 0 eng
020 ## - INTERNATIONAL STANDARD BOOK NUMBER
International Standard Book Number 9781118881910 (hardback)
020 ## - INTERNATIONAL STANDARD BOOK NUMBER
Canceled/invalid ISBN 9781118882276 (epub)
050 00 - LIBRARY OF CONGRESS CALL NUMBER
Classification number NA2542.36
Item number .K44 2016
082 00 - DEWEY DECIMAL CLASSIFICATION NUMBER
Classification number 720/.47
Edition information 23
100 1# - MAIN ENTRY--PERSONAL NAME
Personal name Keeler, Marian,
Relator term author.
245 10 - TITLE STATEMENT
Title Fundamentals of integrated design for sustainable building /
Statement of responsibility, etc. Marian Keeler, Prasad Vaidya.
250 ## - EDITION STATEMENT
Edition statement Second edition.
260 ## - PUBLICATION, DISTRIBUTION, ETC.
Place of publication, distribution, etc. Hoboken, New Jersey
Name of publisher, distributor, etc. John Wiley & Sons, Inc
Date of publication, distribution, etc. 2016
300 ## - PHYSICAL DESCRIPTION
Extent xix, 372 pages ;
Dimensions 29 cm
500 ## - GENERAL NOTE
General note Includes index.
650 #0 - SUBJECT ADDED ENTRY--TOPICAL TERM
Topical term or geographic name entry element Sustainable architecture.
650 #0 - SUBJECT ADDED ENTRY--TOPICAL TERM
Topical term or geographic name entry element Architecture
General subdivision Environmental aspects.
650 #7 - SUBJECT ADDED ENTRY--TOPICAL TERM
Topical term or geographic name entry element ARCHITECTURE / Design, Drafting, Drawing & Presentation.
Source of heading or term bisacsh
650 #7 - SUBJECT ADDED ENTRY--TOPICAL TERM
Topical term or geographic name entry element ARCHITECTURE / Sustainability & Green Design.
Source of heading or term bisacsh
700 1# - ADDED ENTRY--PERSONAL NAME
Personal name Vaidya, Prasad,
942 ## - ADDED ENTRY ELEMENTS (KOHA)
Source of classification or shelving scheme Library of Congress Classification
Koha item type Books
Edition 2nd Ed.
Suppress in OPAC No
999 ## -
-- 264
-- 264
Holdings
Withdrawn status Lost status Source of classification or shelving scheme Damaged status Not for loan Collection Home library Current library Shelving location Date acquired Total checkouts Full call number Barcode Date last seen Copy number Price effective from Koha item type
    Library of Congress Classification     Non-fiction Science Library (Miotso) Science Library (Miotso) General stacks 10/28/2024   NA2542.36 .K44 2016 SLM00000070 10/28/2024 1 10/28/2024 Books
© 2023-2024 Copyright: Central University Libraries. All Rights Reserved | Created by: Mahone Tech Office